[Event "EU-ch 16th"]
[Site "Jerusalem"]
[Date "2015.03.08"]
[Round "11"]
[White "Vitiugov, Nikita"]
[Black "Shimanov, Aleksandr"]
[Result "1-0"]
[WhiteElo "2735"]
[BlackElo "2594"]
[Annotator "Meulders,R"]
[PlyCount "63"]
[EventDate "2015.02.24"]
[EventType "swiss"]
[EventRounds "11"]
[EventCountry "ISR"]
[SourceTitle "CBM 166"]
[Source "ChessBase"]
[SourceDate "2015.05.11"]
[SourceVersion "1"]
[SourceVersionDate "2015.05.11"]
[SourceQuality "1"]

1. d4 Nf6 2. c4 e5 {The Budapest Defence (or counterattack?!) is not easy to
combat for White, especially since the 'safer' lines often yield no advantage.}
3. dxe5 Ng4 4. Nf3 {The main alternative is 4.Bf4; the less usual 4.e4 is
another possibility.} (4. e4 Nxe5 5. f4 Ng6 6. Nf3 Bb4+ 7. Nc3 d6 8. Bd3 Bg4 9.
h3 Bxf3 10. Qxf3 Bxc3+ 11. bxc3 Nd7 12. O-O O-O 13. Be3 b6 14. Rad1 Qe7 15. g3
Rfe8 16. Rde1 Ngf8 17. Bd4 Ne6 18. Kg2 Nec5 $11 {1/2-1/2 (28) Cruz,J (2386)
-Moskalenko,V (2545) Mollet 2011}) 4... Bc5 5. e3 Nc6 6. Nc3 {The second most
popular line for White after 6.Be2. Over the years, the attempt to hang on to
the pawn after 6.Qd5 - the most principled line - has dropped out of fashion
and is seldom seen at a higher level.} (6. Qd5) 6... O-O 7. Be2 Re8 8. Nd2 $5 {
This is an extremely unusual move. The overwhelming majority of games see 8.
0-0 here.} (8. O-O a5 (8... Ngxe5 9. Nxe5 Nxe5 10. b3 a5 11. Bb2 d6 12. Na4 Bf5
13. Nxc5 dxc5 14. Qxd8 Raxd8 15. Bxe5 Rxe5 16. Rfd1 Ree8 17. Bf3 c6 $11 {
1/2-1/2 (61) Shulman,Y (2622)-Stripunsky,A (2578) Saint Louis 2011}) 9. Nd4
Ngxe5 10. b3 d6 11. Bb2 Bd7 12. Ndb5 Na7 13. Na4 Nxb5 14. cxb5 Bf5 15. Qd5 c6
16. bxc6 bxc6 17. Qd2 Ba7 18. Bd4 Bxd4 19. Qxd4 Qf6 20. Rfd1 Re6 21. Qf4 Qg6
22. Nc3 h5 23. h4 $2 (23. e4 Bg4 24. Bxg4 Nxg4 25. h3 $11) 23... Bg4 (23... Bh3
24. Qh2 Bg4 25. Qg3 Rae8 $15) 24. f3 Bh3 25. Qh2 Qh6 26. Qf4 Qg6 27. Qh2 Qh6
28. Qf4 {1/2-1/2 (28) Wojtaszek,R (2713)-Short,N (2698) Poikovsky 2012}) 8...
Ngxe5 9. Nde4 Bf8 10. b3 d6 11. Bb2 Qh4 12. Ng3 Be6 13. Qd2 f5 $6 (13... a6 14.
O-O Ne7 15. h3 Nf5 16. Nxf5 Bxf5 17. e4 Bd7 18. f4 Nc6 19. Nd5 Rac8 (19... Rxe4
$2 20. Bd3 Re7 21. Nxe7+ Bxe7 22. Rae1 $16) 20. Bd3 $14 Ne7) 14. Nd5 {A
standard move: a flank thrust is met with a central reaction.} Rac8 15. f4 $6 (
15. O-O $1 Ng4 16. h3 Nge5 17. Rad1 g6 18. f4 Qxg3 19. Nf6+ Kf7 20. fxe5 Red8
21. Ne4 Qh4 22. Rf4 $16) 15... Ng4 16. Bxg4 Qxg4 17. O-O $11 Ne7 18. e4 Nxd5 (
18... fxe4 19. Ne3 Qh4 20. f5 Bd7 21. f6 gxf6 22. Bxf6 Qh6 23. Bb2 Bg7 24. Bxg7
Kxg7 25. Rf6 $1 Qh4 26. Rf4 Qg5 27. Raf1 $18) 19. cxd5 Bd7 20. Rae1 fxe4 21. f5
(21. Nxe4 Qg6 $11) 21... e3 22. Qd3 $5 (22. Rxe3 Qg5 23. Re2 Qxd2 24. Rxd2 $11)
22... Kf7 $2 {I don't know what Black's intention was in venturing his king so
far afield, but it's a risky move that only makes his life more difficult.} (
22... Re7 $1 23. f6 gxf6 24. Bxf6 Rf7 25. Rxe3 Bh6 $11 26. Ref3 Rcf8 27. h3 Qg6
28. Qc3 Bg7 29. Bxg7 Rxf3 30. Rxf3 Rxf3 31. Qxf3 Qxg7 {and even though Q+N is
supposed to be ever so slightly better than Q+B, I don't see how Black could
be in trouble here.}) 23. Rxe3 Rxe3 24. Qxe3 Re8 $1 (24... b6 $2 {is a mistake:
} 25. h3 Qh4 26. Ne4 $18) 25. Qxa7 $6 {This wins a pawn, but it would have
been better to try and keep the black queen locked in.} (25. Qc3 $5 c5 26. Qd2
$1 Qh4 (26... Qb4 $2 27. Bc3 Qg4 28. Rf4 $18) 27. Rf3 Qh6 28. Qc3 $14) 25...
Qb4 $1 {Air to breathe!} 26. Qf2 (26. Qd4 Qxd4+ 27. Bxd4 c5 28. dxc6 bxc6 29.
Rd1 d5 {and the bishop pair should compensate for the pawn down.}) 26... Qa5 $6
(26... Qc5 $1 27. Qxc5 (27. Rc1 Qxf2+ 28. Kxf2 c5 $11) 27... dxc5 28. f6 g6 29.
Kf2 c4 $5 30. bxc4 Bc5+ 31. Kf3 Re3+ 32. Kf4 h6 33. Ne4 g5+ 34. Ke5 Ba4 35. Bc1
Re2 $11 36. Bd2 Bd6+ 37. Kd4 Bxh2 $11) 27. Qf3 Qxa2 $4 {It's not the material
balance that counts here, but the precarious position of the black king, still
as a result of his risky 22nd move.} (27... Re1 $1 $11) 28. Bxg7 $2 (28. Qh5+
$1 Kg8 29. f6 gxf6 30. Bxf6 Qd2 31. Ba1 Qe3+ 32. Kh1 Qe7 33. Qd1 $1 {Freeing
g5 for the knight.} Bg7 34. Bxg7 Kxg7 35. Nh5+ Kg6 36. Qf3 c6 37. dxc6 bxc6 38.
h3 $18 c5 39. Nf6 {and Black's position disintegrates.}) 28... Kxg7 $2 {
This misses a great opportunity to save the game.} (28... Qa7+ $1 29. Kh1 Qe3
30. Bxf8 Qxf3 31. Rxf3 Kxf8 32. Kg1 Re5 33. Rc3 c5 34. dxc6 Bxc6 {and though
White still is a pawn up, Black has active counterplay and excellent chances
for a draw.}) 29. f6+ {Now all is lost for Black.} Kh8 30. f7 Bg7 (30... Rc8
31. Qc3+ $1 Bg7 32. f8=Q+ Rxf8 33. Rxf8#) 31. fxe8=R+ Bxe8 32. Nh5 (32. Nh5
Bxh5 33. Qxh5 Qa7+ 34. Kh1 Qb8 35. Qg4 Qe8 36. Qe6 Qd8 37. Rf7 $18) 1-0

[Event "Tata Steel-A 76th"]
[Site "Wijk aan Zee"]
[Date "2014.01.12"]
[Round "2"]
[White "Gelfand, Boris"]
[Black "Rapport, Richard"]
[Result "0-1"]
[WhiteElo "2777"]
[BlackElo "2691"]
[Annotator "Moskalenko,V"]
[PlyCount "120"]
[EventDate "2014.01.11"]
[EventType "tourn"]
[EventRounds "11"]
[EventCountry "NED"]
[EventCategory "20"]
[SourceTitle "CBM 159"]
[Source "ChessBase"]
[SourceDate "2014.03.17"]
[SourceVersion "1"]
[SourceVersionDate "2014.03.17"]
[SourceQuality "1"]

1. d4 Nf6 2. c4 e5 3. dxe5 Ng4 {The initial position of the Budapest Gambit.
White has enough moves to defend the pawn on e5: Nf3, Bf4 or Qd4/Qd5, but the
move order is very important. Classic rules command us to develop the knight
first, so...} 4. Nf3 Bc5 $1 {The attack on f2 forces White to remain passive.}
5. e3 {Now the bishop on c1 cannot reach f4 to protect the extra pawn.} Nc6 6.
Nc3 ({Keep in mind:} 6. Qd5 $6 {In most cases, defending the e5-pawn with the
queen is not successful. This idea only prevails in the Rubinstein Variation
with 4.Bf4 and 6.Nc3.} Qe7 7. Nc3 Ngxe5 8. Be2 d6 9. Ne4 $2 {White keeps
pursuing a bad plan and now the game will soon be over.} Be6 10. Qd1 Bb4+ 11.
Bd2 O-O-O 12. Bxb4 Nxb4 13. Qb3 Nxf3+ 14. Bxf3 d5 $1 15. Nd2 dxc4 16. Nxc4 Rd3
17. Qa4 Bxc4 18. Qxa7 Nc2+ {0-1 Adler,A-Maroczy,G Budapest 1896. It's mate
next move. This was the stem game of the fabulous Budapest Gambit, by the
legendary Hungarian player.}) 6... O-O $1 ({Keep in mind:} 6... Ngxe5 $2 {
A serious mistake in this system.} 7. Nxe5 Nxe5 8. f4 $1 {Generally, this
advance is White's main resource.} Nc6 9. Bd3 $1 $36 {White wins a neat tempo
in comparison with other positions of the 4.Nf3 system. In case of} d6 (9...
Qh4+ 10. g3 Qh3 11. Nd5 $1 $36) (9... O-O $2 10. Qh5 $1 f5 11. Bxf5 $18 {
Razuvaev,Y (2580)-Bardel,S (2295) Geneve 1995}) 10. O-O O-O {White is still a
tempo up.}) 7. Be2 Ngxe5 8. Nxe5 Nxe5 9. O-O a5 {The main point is to swing
the rook from a8 to a6 and h6, creating threats on the kingside. However, is
not the best move order for Black.} (9... Re8 $5 {is more useful move:
attacking e3 in the case of White's f2-f4, and in some lines it gives the
bishop a nice retreat on f8 - see other games of article.}) 10. Kh1 {White
will follow up with f4, its the only idea of Kh1, but it will leave the
diagonal c5-g1 as a permanent weakness.} (10. Na4 $5 {is the correct response,
which poses the strong question to the bishop on c5.}) 10... d6 $5 11. f4 Nc6
12. b3 Re8 13. Rf3 (13. Bd3 Nb4 $5 14. Bb1 Bxe3 $15) 13... Bf5 {White's
position is already slightly uncomfortable. His weakness on e3 ties him down -
he cannot play Bb2 as he would like to.} 14. Rg3 Re6 $5 {Improving the rook
allows Black multiple possibilities.} 15. Bd3 Bxd3 16. Qxd3 Nb4 17. Qd2 Qe7 18.
e4 Qh4 $1 {With a nasty threat.} 19. Rf3 $6 (19. Bb2 $4 Qxg3 20. hxg3 Rh6#) (
19. f5 $5 Qxg3 20. hxg3 Rh6+ 21. Qxh6 gxh6 22. Bxh6 Bd4 23. Bd2 b6 $5 $44 (
23... a4 $5 $132)) 19... Nc2 (19... f5 $1 $17 {was much stronger, also taking
advantage of the weak back rank, but now attacking e4.}) 20. Rb1 Qe1+ 21. Qxe1
Nxe1 22. Rg3 Rg6 23. Nd5 Rxg3 24. hxg3 c6 25. Be3 Nd3 26. Bxc5 cxd5 27. Bxd6
dxe4 $17 {Black's powerful knight on d3 and his passed pawn on e4 guarantee
him a big advantage.} 28. Kg1 f5 29. Kf1 Ra6 30. Bc7 Kf7 31. g4 Rc6 32. Bxa5
Ra6 $1 {A nice manoeuvre, trying to activate the rook.} 33. Bc3 {Letting the
rook into the game is suicide.} (33. b4 Ke6 34. c5 fxg4 $17) 33... Rxa2 34.
gxf5 e3 35. g3 Rc2 36. Be1 Kf6 $19 {White is simply too passive.} 37. g4 h5 38.
Bh4+ Kf7 39. gxh5 Rh2 {Missing a much easier win.} (39... e2+ 40. Kg1 Rd2 {
and White loses a full rook.}) 40. Be1 Kf6 41. Kg1 Re2 42. Bc3+ Kxf5 43. Bxg7
Kxf4 44. Bh6+ Kg3 $1 {Black is still winning.} 45. Bxe3 Rxe3 {If White can
eliminate the b7 pawn he should hold the draw, but Rapport finishes off with
good technique.} 46. Kf1 Kf4 47. Ra1 Rf3+ 48. Kg1 Rg3+ 49. Kf1 Rf3+ 50. Kg1 Kg4
51. h6 Nf4 52. h7 Rh3 53. Kf2 Kf5 54. b4 Nd3+ 55. Ke2 Ke4 56. Ra8 Rh2+ 57. Kd1
Rxh7 58. Kd2 Nxb4 {The extra pawn has been stabilised and Gelfand has nothing
left but to resign.} 59. Kc3 Nc6 60. Re8+ Re7 {A nice Budapest game from the
Hungarian prodigy.} 0-1

[Event "Chigorin Memorial"]
[Site "St Petersburg"]
[Date "1995.??.??"]
[Round "1"]
[White "Aseev, Konstantin N"]
[Black "Zakharov, Alexander V"]
[Result "1-0"]
[WhiteElo "2530"]
[BlackElo "2350"]
[Annotator "Nikitin,A"]
[PlyCount "87"]
[EventDate "1995.09.??"]
[EventType "swiss"]
[EventRounds "9"]
[EventCountry "RUS"]
[SourceTitle "EXT 1997"]
[Source "ChessBase"]
[SourceDate "1996.11.15"]
[SourceVersion "1"]
[SourceVersionDate "1996.11.15"]
[SourceQuality "1"]

1. d4 Nf6 2. c4 e5 3. dxe5 Ng4 4. Bf4 g5 5. Bg3 Bg7 6. Nf3 Nc6 7. Nc3 Ngxe5 8.
Nxe5 Nxe5 9. Qc2 {N/} (9. e3 d6 10. h4 $14) 9... d6 10. h4 Be6 11. hxg5 Qxg5 (
11... Nxc4 $5 12. Bf4 $1 (12. Rxh7 Rxh7 13. Qxh7 Qxg5 14. Qc2 (14. Ne4 Qg6 15.
Qxg6 (15. Qg8+ $2 Kd7 16. Qxa8 Qxe4 $44) 15... fxg6 $17) 14... O-O-O $13) 12...
Kf8 13. e3 $14) 12. e3 Qg6 13. Qa4+ Bd7 14. Qd1 c6 $6 (14... O-O-O $5 15. Nd5
Nc6 $13) 15. Be2 O-O-O 16. Qd2 Be6 17. Rh4 h5 18. O-O-O Bf6 (18... Bg4 $5 19.
f3 Be6 20. Ne4 d5 $13 21. Nc5 $2 dxc4 22. Qb4 Rxd1+ 23. Bxd1 Nd3+ 24. Nxd3 Qxd3
$17) 19. Rd4 h4 20. Bf4 Nxc4 (20... Qxg2 $2 21. Ne4 $1 Be7 22. Nxd6+ $16) 21.
Bxc4 Bxd4 22. Qxd4 Bxc4 23. Qxc4 Rh5 (23... Qxg2 24. Nb5 h3 25. Nxd6+ Rxd6 26.
Bxd6 $16) 24. Qe4 f5 25. Qd4 Kb8 26. Qxd6+ Rxd6 27. Rxd6 Qxd6 28. Bxd6+ Kc8 29.
Ne2 $18 Kd7 30. Be5 h3 31. gxh3 Rxh3 32. b4 Rh1+ 33. Kc2 Rf1 34. Bg3 Ke6 35.
Nd4+ Kf6 36. a4 a5 37. bxa5 Ra1 38. Kb3 Rc1 39. Nc2 Kg5 40. Kb2 Rd1 41. Nd4
Rd2+ 42. Kc3 Rd1 43. Kc2 Ra1 44. Ne6+ 1-0

[Event "EU-ch 14th"]
[Site "Legnica"]
[Date "2013.05.06"]
[Round "2"]
[White "Postny, Evgeny"]
[Black "Zoler, Dan"]
[Result "1-0"]
[WhiteElo "2637"]
[BlackElo "2533"]
[Annotator "Postny,E"]
[PlyCount "83"]
[EventDate "2013.05.05"]
[EventType "swiss"]
[EventRounds "11"]
[EventCountry "POL"]
[SourceTitle "CBM 155"]
[Source "ChessBase"]
[SourceDate "2013.07.16"]
[SourceVersion "1"]
[SourceVersionDate "2013.07.16"]
[SourceQuality "1"]

1. d4 Nf6 2. c4 e5 {Obviously, a surprise.} 3. dxe5 Ng4 4. Nf3 {I used to play
also the more ambitious 4.Bf4, but this time I opted for a quiet line which
doesn't require much knowledge or preparation.} Bc5 5. e3 Nc6 {Black easily
wins the pawn back.} 6. Be2 O-O 7. Nc3 Ngxe5 8. Nxe5 Nxe5 9. O-O Re8 10. b3 a5
{[%cal Ga8a6,Ga6h6]} 11. Na4 {I remembered that Boris Avrukh pointed out in
his book that it's important to drive the black bishop away before Black could
play Ra8-a6, transfering the rook to the kingside.} Ba7 (11... Bf8 12. Bb2 (12.
f4 Nc6 13. Bf3 $14) 12... Ra6 13. f4 Rd6 14. Qc2 Nc6 15. Rf3 Rh6 {I don't
believe that Black has full equality with such a funny rook, but this is one
of the ideas in this line.}) 12. Kh1 $6 $146 {I thought that this mysterious
move would be useful in case my e- and f-pawns went forward in the future.
Nevertheless, it's a waste of time. The idea of playing c4-c5, immediately or
on the next move is more principled.} (12. c5 d5 13. cxd6 c6 $6 (13... cxd6 14.
Bb2 $14) 14. Bb2 b5 15. Nc3 Bf5 16. e4 Bc8 17. Kh1 Re6 18. Qe1 $1 Ng6 19. f4
Rxd6 20. f5 Ne7 21. Qg3 $16 {1-0 (32) Bezemer,A (2417)-Nadanyan,A (2433) FICGS
email 2010}) (12. Bb2 d6 13. c5 Bd7 14. cxd6 Bxa4 15. bxa4 cxd6 16. Rb1 $14 {
0-1 (49) Tkachiev,V (2664)-Mamedyarov,S (2742) Moscow 2008}) 12... d6 13. Nc3 {
As I didn't play c4-c5, now my knight can achieve nothing on a4.} f5 $6 {
After a long thought Dan chose the wrong plan. This move weakens the king and
the light-squared bishop is now passive.} (13... c6 {covering the d5 square
and preparing the queen move.} 14. Bb2 (14. Ba3 Re6 $132) 14... Qh4 15. Qc2 (
15. Qxd6 $2 Bg4 16. Bxg4 $140 Rad8 $1 17. Qc7 Bb8 $19) 15... Ng4 16. Bxg4 Bxg4
{and Black has nothing to worry about.}) 14. Bb2 Bd7 15. Nd5 Re6 $6 {The rook
can't be transfered to the kingside, so every other sensible move would be
better.} (15... c6 16. Nf4 Bc5 $14) (15... Be6 $14) 16. Nf4 {Now the rook has
to go back.} Re7 (16... Rh6 17. Bxe5 dxe5 18. Qd5+ $16) 17. Qc2 $16 c6 18. Rad1
Bc5 {This bishop is, actually, on the wrong diagonal.} 19. Nh5 $1 {Now I start
creating threats against the black king. The most important diagonal is
controlled by my bishop.} Qb6 20. f4 Ng6 21. e4 $1 Rf8 {The only move not to
collapse right away.} (21... fxe4 $2 22. f5 Ne5 23. f6 $18) 22. Bd3 Nh4 23.
exf5 Bxf5 (23... Nxf5 24. g4 Ne3 25. Bxh7+ Kh8 26. Qg6 Rff7 27. f5 $1 Nxf1 28.
f6 $18) 24. Nf6+ (24. g3 $1 {was more convincing.} Bxd3 25. Qxd3 Re3 (25... Nf5
26. Nf6+ gxf6 27. Qxf5 $16) 26. Qd2 Nf5 27. g4 $1 {I didn't see this move,
otherwise Black would be better!} Rh3 28. gxf5 Rxh5 29. Qg2 Qc7 30. f6 g6 31.
Rfe1 $18) 24... Rxf6 25. Bxf6 Bxd3 26. Qxd3 Re3 (26... gxf6 27. Qg3+ Ng6 28. f5
Re3 29. Qg4 $18) 27. Bxh4 Rxd3 28. Rxd3 {An engine shows here only a slight
advantage for White. But, I think that White has very good winning chances. In
a "normal" position like this, when the rooks are coordinated and the
structure is intact, two rooks are superior to a queen.} Bd4 (28... Qb4 29. f5
Kf7 30. f6 $18) 29. f5 Kf7 30. f6 gxf6 (30... g6 31. Re1 Be5 {[%tqu "En",
"White is winning by force. How?","","","e1e5","",10]} 32. Rxe5 $1 dxe5 33.
Rd7+ Ke6 34. Re7+ Kd6 {[%tqu "En","One more good move is required. I hope you
saw it before playing 32.Rxe5.","","","h4g3","",5]} 35. Bg3 $1 Qd8 36. Rxe5 $18
) 31. Bxf6 Bxf6 32. Rxd6 {I have won another pawn and the rest is a matter of
technique.} a4 33. Rdxf6+ Ke7 34. R6f3 Kd6 35. Rd3+ Kc5 36. Rf5+ Kb4 37. c5 Qc7
(37... Qa5 38. Rd4+ Kb5 39. bxa4+ Ka6 40. h4 Qc3 41. Rdf4 $18) 38. Rd4+ Kb5 39.
bxa4+ Ka6 40. Rf8 b5 41. Ra8+ Kb7 42. Rad8 {The queen is trapped.} 1-0

[Event "Ciocaltea Memorial"]
[Site "Bucharest"]
[Date "2000.03.11"]
[Round "8"]
[White "Rogozenco, Dorian"]
[Black "Moldovan, Daniel"]
[Result "1/2-1/2"]
[WhiteElo "2562"]
[BlackElo "2434"]
[Annotator "Rogozenco,D"]
[PlyCount "129"]
[EventDate "2000.03.13"]
[EventType "tourn"]
[EventRounds "13"]
[EventCountry "ROU"]
[EventCategory "10"]
[SourceTitle "CBM 077"]
[Source "ChessBase"]
[SourceDate "2000.07.27"]
[SourceVersion "1"]
[SourceVersionDate "2000.07.27"]
[SourceQuality "1"]

1. d4 Nf6 2. c4 e5 3. dxe5 Ng4 4. Bf4 Nc6 5. Nf3 Bb4+ 6. Nbd2 Qe7 7. e3 Ngxe5
8. Nxe5 Nxe5 9. Be2 O-O 10. O-O a5 $6 (10... Bxd2 11. Qxd2 $14) 11. Nb3 $16 {
[%csl Rb4]} a4 12. a3 Ba5 (12... axb3 13. axb4 Rxa1 14. Qxa1 {[%csl Rb3][%cal
Ga1a3] is simply winning material for White.}) 13. Nd4 Bb6 14. Nb5 d6 15. Nc3
Qe8 16. Nd5 Ba5 17. Qd4 Nd7 (17... Nc6 {was more or less necessary.} 18. Qd3
Ne5 19. Qc2 $16) 18. Bd3 Nc5 19. Bc2 Be6 $2 {In this position I missed a
forced win.} (19... f6 20. Bg3 $16) 20. e4 (20. Nf6+ $1 gxf6 21. Bh6 $1 Bd7 (
21... Bc8 22. Qh4 $18) 22. Qh4 Ne6 23. Bxh7+ Kxh7 24. Bg5+ Kg8 25. Bxf6 Ng7 26.
Qh6 {and mate the next move.}) 20... Bxd5 21. cxd5 $16 {/+/=. White is still
better thanks to the Bishop pair and the possibility of e4-e5 break, but Black
has some counterplay on the queenside.} Bb6 22. Qc4 Ra5 23. Rae1 f6 24. Re3 Nd7
25. Rh3 Ne5 26. Qe2 g6 27. Bc1 Qa8 28. Kh1 Qa6 29. Qd1 (29. Qxa6 Rxa6 30. f4 {
is better than the game.}) 29... Rc5 30. Bb1 Rc4 $132 {[%cal Gc4d4]} 31. Be3
$138 Bxe3 32. Rxe3 Rd4 33. Qc1 Nd3 34. Bxd3 Rxd3 35. Kg1 Rxe3 36. Qxe3 Qb5 37.
Qd4 $14 Rf7 38. Rc1 Qe2 39. h3 b5 40. Rc6 f5 41. exf5 Rxf5 42. Rxc7 Qe1+ 43.
Kh2 Qe5+ 44. Qxe5 Rxe5 45. Rb7 Rxd5 46. f3 h6 47. h4 Kf8 48. Kg3 Rc5 49. f4 Rd5
50. Kf3 Rd3+ 51. Ke4 Rb3 52. g4 Rxb2 53. h5 gxh5 54. gxh5 Rh2 55. Kf5 Rxh5+ 56.
Kf6 Ke8 57. Ke6 Kd8 58. f5 Rh3 59. f6 Re3+ $1 60. Kxd6 Ke8 61. Rxb5 Kf7 62. Rb4
Rxa3 63. Ke5 Re3+ 64. Kf4 Rh3 65. Kg4 1/2-1/2